Package boiler flame modifications for reducing nitric oxide emissions : phase II of III /

Bibliographic Details
Main Author: Muzio, L. J.
Corporate Authors: Ultrasystems, inc, American Petroleum Institute, United States. Environmental Protection Agency. Office of Research and Development
Other Authors: Wilson, R. P., McComis, C.
Format: Book
Language:English
Published: Irvine, Calif. : Ultrasystems, 1974.
Subjects:

MARC

Tag First Indicator Second Indicator Subfields
LEADER 00000cam a2200000 a 4500
001 in00000069403
005 20151008053349.0
008 820423s1974 caua b 00010 eng d
035 |a (OCoLC)08365059 
035 |9 AAH7178AM 
040 |a PEI  |c PEI  |d UtOrBLW 
049 |a TXAM  |c [388580] 
090 |a TD883.1  |b  M8  
100 1 |a Muzio, L. J. 
245 1 0 |a Package boiler flame modifications for reducing nitric oxide emissions :  |b phase II of III /  |c by L.J. Muzio, R.P. Wilson, Jr. and C. McComis ; prepared for American Petroleum Institute and Office of Research and Development, U.S. Environmental Protection Agency. 
264 1 |a Irvine, Calif. :  |b Ultrasystems,  |c 1974. 
300 |a iv, 73 pages :  |b illustrations ;  |c 28 cm. 
336 |a text  |b txt  |2 rdacontent 
337 |a unmediated  |b n  |2 rdamedia 
338 |a volume  |b nc  |2 rdacarrier 
500 |a "June 1974." 
500 |a Includes tables. 
500 |a "Contract number 68-02-0222." 
500 |a "EPA-R2-73-292-b." 
504 |a Bibliography: pages 70-71. 
650 0 |a Air  |x Pollution. 
650 0 |a Boilers  |x Fuel. 
700 1 |a Wilson, R. P. 
700 1 |a McComis, C. 
710 2 |a Ultrasystems, inc. 
710 2 |a American Petroleum Institute. 
710 1 |a United States.  |b Environmental Protection Agency.  |b Office of Research and Development. 
999 |a MARS 
999 f f |s edbb0872-a680-3e6d-82d9-ebfede1a6760  |i d0b789fe-d46b-3656-8441-a3a0662ec223  |t 0 
952 f f |p ric  |a Texas A&M University  |b Rellis Campus  |c Joint Library Facility  |d Remote Storage  |t 0  |e TD883.1 M8  |h Library of Congress classification  |i unmediated -- volume  |m A14805957063 
998 f f |a TD883.1 M8  |t 0  |l Remote Storage